Drapeaux des républiques d'URSS - Statistiques

Statistiques générales
  • Ce quiz a été pris 334 fois
  • Le résultat moyen est 5 sur 15
Statistiques - réponses
Par images Réponse % Correct
RSS de Biélorussie
99%
RSS d'Ukraine
40%
RSS de Moldavie
38%
RSS du Tadjikistan
36%
RSS d'Estonie
35%
RSS de Lettonie
31%
RSFS de Russie
30%
RSS de Géorgie
30%
RSS de Lituanie
30%
RSS du Kazakhstan
28%
RSS du Turkménistan
23%
RSS d'Arménie
22%
RSS d'Ouzbékistan
22%
RSS d'Azerbaïdjan
18%
RSS du Kirghizistan
16%
Aucun quiz correspondant
Distribution des résultats
% des personnes avec chaque résultat
Percentile par nombre de réponses
Votre historique - résultats
Vous n’avez pas pris ce quiz